| 000 | 00928cam4a220028900 4500 | ||
|---|---|---|---|
| 001 | lce00795963 | ||
| 008 | 711215s1971 ja 000 1 eng | ||
| 010 | _a 72158644 //r842 | ||
| 015 | _aJa*** | ||
| 020 | _a0870111590 | ||
| 020 | _cY1,800 a13.2..1.12 | ||
| 035 | _a(Sirsi) r16335 | ||
| 035 | _a(DLC) 72158644 //r842 | ||
| 035 | _a(UPRA)lce00795963 | ||
| 040 | _dUPRA | ||
| 041 | 1 |
_aeng jpn _heng jpn |
|
| 050 | 0 |
_aPZ3.E562 _bWai _aPL826.N3 |
|
| 082 | _a895.6/3/5 | ||
| 100 | 1 |
_aEnchi, Fumiko, 1905- _dEnchi, Fumiko, 1905- _6A73713.1 |
|
| 240 | 1 | 0 |
_aOnnazaka. English _lOnnazaka. English |
| 245 | 1 | 4 |
_aThe waiting years / _c[by] Fumiko Enchi ; translated by John Bester. |
| 250 | _a[1st ed.]. | ||
| 260 |
_aTokyo ; Palo Alto, CA : _aTokyo ; Palo Alto, CA : _bKodansha International, _c[1971] |
||
| 500 | _aTranslation of Onnazaka. | ||
| 949 |
_aPZ3.E562 _wlcc _i-11291 _mMAIN _tBOOK _lON-SHELF |
||
| 004 | 16335 | ||
| 999 |
_c158143 _d158143 |
||